<?xml version="1.0" encoding="UTF-8"?><?xml-stylesheet type="text/xsl" href="static/style.xsl"?><OAI-PMH xmlns="http://www.openarchives.org/OAI/2.0/" xmlns:xsi="http://www.w3.org/2001/XMLSchema-instance" xsi:schemaLocation="http://www.openarchives.org/OAI/2.0/ http://www.openarchives.org/OAI/2.0/OAI-PMH.xsd"><responseDate>2026-04-13T04:48:44Z</responseDate><request verb="GetRecord" identifier="oai:www.recercat.cat:2099.1/13399" metadataPrefix="marc">https://recercat.cat/oai/request</request><GetRecord><record><header><identifier>oai:recercat.cat:2099.1/13399</identifier><datestamp>2025-07-22T23:45:40Z</datestamp><setSpec>com_2072_1033</setSpec><setSpec>col_2072_452951</setSpec></header><metadata><record xmlns="http://www.loc.gov/MARC21/slim" xmlns:dcterms="http://purl.org/dc/terms/" xmlns:xsi="http://www.w3.org/2001/XMLSchema-instance" xmlns:doc="http://www.lyncode.com/xoai" xsi:schemaLocation="http://www.loc.gov/MARC21/slim http://www.loc.gov/standards/marcxml/schema/MARC21slim.xsd">
   <leader>00925njm 22002777a 4500</leader>
   <datafield ind2=" " ind1=" " tag="042">
      <subfield code="a">dc</subfield>
   </datafield>
   <datafield ind2=" " ind1=" " tag="720">
      <subfield code="a">Elias Marcet, Estel</subfield>
      <subfield code="e">author</subfield>
   </datafield>
   <datafield ind2=" " ind1=" " tag="720">
      <subfield code="a">Grau Boatella, Judit</subfield>
      <subfield code="e">author</subfield>
   </datafield>
   <datafield ind2=" " ind1=" " tag="260">
      <subfield code="c">2011-06</subfield>
   </datafield>
   <datafield ind2=" " ind1=" " tag="520">
      <subfield code="a">El present projecte consisteix en la rehabilitació de la masia actualment deshabitada de Can Paleta, al terme de Castellfollit del Boix (El Bages). La construcció es defineix amb una planta baixa, planta pis i dos coberts, annexes, un a la part esquerra i l’altre a la part posterior de la construcció. Tot el conjunt suma una superfície construïda de 623,71m2. La masia ha patit varies reformes al llarg dels anys com per exemple la de la coberta de la crugia dreta o la substitució de tres de les bigues del sostre de la crugia esquerra en contacte amb façana principal. L’estat actual de l’edifici és deficient. La façana principal pateix un desplom considerable provocant tot tipus de lesions en l’estructura vertical i horitzontal, la majoria d’aquestes lleus. Tocant a la façana esquerra de la masia, a l’exterior, hi ha un punt d’acumulació d’aigua pluvial que s’acaba filtrant a la masia i en el qual caldrà actuar. L’estructura de la coberta està molt malmesa i s’optarà per refer-la de nou. Des del punt de vista estructural, caldrà reforçar el sostre de la planta baixa intentant conservar les bigues de fusta existents no malmeses. Per últim, l’estructura interior de la planta pis està formada per parets de tàpia s’eliminarà i es reconstruirà amb paret de fàbrica. L’estudi de les masies de l’entorn i la recerca d’informació sobre la masia catalana han ajudat a realitzar la proposta d’intervenció d’acord amb les construccions de l’entorn. Tota aquesta informació ens ha permès entendre constructivament i el disseny arquitectònic de les construccions de l’època, i per tant, la nostra masia també. A partir d’això s’ha pogut definir l’estructura de l’edifici, els materials emprats en la seva construcció i els punts dèbils d’aquesta. En la reforma s’ha modificat la distribució en la planta pis adaptant-la a les necessitats actuals i s’ha deixat pràcticament intacta la distribució en la planta inferior. Hem optat per adaptar la planta pis a habitatge i aprofitar així l’espai exterior que antigament ocupaven les tines i aconseguir major lluminositat. La planta baixa s’han deixat lliures els espais de darrere l’escala i la crugia dreta. Per tal de complir amb la normativa vigent, s’ha optat en la reforma per col·locar un intradós en les façanes i es creen noves obertures o s’amplien les existents. Es farà un arrebossat de façana tal i com sempre havia estat, però que ha desaparegut en el pas del temps i es canviaran els tancaments malmesos per uns de millor prestacions. El projecte compren també el disseny de les instal·lacions d’aigua, electricitat, telecomunicacions, calefacció i sanejament. Al no arribar subministrament de gas a la masia s’optarà pel gasoil. Com a aspectes ambientals es canalitzaran les aigües pluvials a les tines per a reg, es depuraran les aigües grises de banyera i dutxa per a inodors i s’instal·laran plaques solars com a suport a ACS. Finalment s’ha realitzat també un pla de manteniment i un pressupost del cost total de la rehabilitació.</subfield>
   </datafield>
   <datafield tag="653" ind2=" " ind1=" ">
      <subfield code="a">Àrees temàtiques de la UPC::Edificació::Rehabilitació d'edificis</subfield>
   </datafield>
   <datafield tag="653" ind2=" " ind1=" ">
      <subfield code="a">Buildings -- Repair and reconstruction</subfield>
   </datafield>
   <datafield tag="653" ind2=" " ind1=" ">
      <subfield code="a">Farmhouses</subfield>
   </datafield>
   <datafield tag="653" ind2=" " ind1=" ">
      <subfield code="a">Housing rehabilitation</subfield>
   </datafield>
   <datafield tag="653" ind2=" " ind1=" ">
      <subfield code="a">Rehabilitació -- Masies -- PFG</subfield>
   </datafield>
   <datafield tag="653" ind2=" " ind1=" ">
      <subfield code="a">Masos, masies, etc. -- Catalunya -- Castellfollit del Boix</subfield>
   </datafield>
   <datafield tag="653" ind2=" " ind1=" ">
      <subfield code="a">Rehabilitació de l'habitatge -- Catalunya -- Castellfollit del Boix</subfield>
   </datafield>
   <datafield tag="653" ind2=" " ind1=" ">
      <subfield code="a">Can Paleta (Castellfollit del Boix, Catalunya)</subfield>
   </datafield>
   <datafield ind2="0" ind1="0" tag="245">
      <subfield code="a">Rehabilitació de la masia de Can Paleta a Castellfollit del Boix (El Bages)</subfield>
   </datafield>
</record></metadata></record></GetRecord></OAI-PMH>